| 000 | 00376nam a2200145Ia 4500 | ||
|---|---|---|---|
| 008 | 230711s9999||||xx |||||||||||||| ||und|| | ||
| 041 | _aENG | ||
| 082 |
_a624.18341 _bEV-R |
||
| 100 | _aEverard,Noel J | ||
| 245 | 0 | _aReinforced concrete design | |
| 250 | _a2nd Ed. | ||
| 260 |
_c1987 _aNew York _bTata McGraw Hill Education Limited |
||
| 650 | _aCivil Engineering | ||
| 942 | _cBK | ||
| 999 |
_c1044 _d1044 |
||